000 01190cam a2200373 i 4500
001 200468142
003 TR-AnTOB
005 20260416115801.0
008 121227s1980 xxu| s |||| 0|eng d
020 _a9781461260271
020 _a0387904271
020 _a3540904271
040 _aTR-AnTOB
_beng
_erda
_cTR-AnTOB
041 0 _aeng
050 1 4 _aQA320
_b.W4513 1980
090 _aQA320
_b.W4513 1980
100 1 _aWeidmann, Joachim
_eauthor
_9153713
240 1 0 _aLineare operatoren in Hilbertraumen.
_lEnglish.
245 1 0 _aLinear operators in hilbert spaces /
_cby Joachim Weidmann ; translated by Joseph Szücs.
264 1 _aNew York, NY :
_bSpringer US,
_c1980.
300 _axiii, 402 pages ;
_c23 cm
336 _atext
_btxt
_2rdacontent
337 _acomputer
_bc
_2rdamedia
338 _aonline resource
_bcr
_2rdacarrier
347 _atext file
_bPDF
_2rda
650 0 _aHilbert space
_9152254
650 0 _aMathematical analysis
_91768
650 0 _aFunctional analysis
_978530
700 1 _aSzücs, Joseph
_etranslator
_9153715
710 2 _aSpringerLink (Online service)
_959873
773 0 _tSpringer eBooks
942 _2lcc
_cBK
999 _c200468142
_d86354